000 00398nam a2200169Ia 4500
001 28357
003 IN-NITTTR
005 20251114233351.0
008 251113s9999||||xx |||||||||||||| ||eng||
040 _beng
040 _cIN-NITTTR
041 _aeng
082 _a620.0044 L41S
100 _aLaw, Averill M.
245 0 _aSimulation modeling and analysis /
_cLaw, Averill M.
942 _2ddc
_cBK
999 _c30985
_d30985